Sino - Indian diplomacy / (Record no. 139685)

MARC details
000 -LEADER
fixed length control field 00577nam a22001697a 4500
005 - DATE AND TIME OF LATEST TRANSACTION
control field 20170605123737.0
010 ## - LCCN (DPL NO)
LC control number ENG-118101
020 ## - INTERNATIONAL STANDARD BOOK NUMBER
International Standard Book Number 9789385160592
Terms of availability 1495.00
035 ## - SYSTEM CONTROL NUMBER
System control number EN-101633
037 ## - SOURCE OF ACQUISITION
Source of stock number/acquisition DBAD/PUB
082 ## - DEWEY DECIMAL CLASSIFICATION NUMBER
Classification number 327.51054
245 ## - TITLE STATEMENT
Title Sino - Indian diplomacy /
Remainder of title Pragmatic approach by Sh. Narendra Modi
Statement of responsibility, etc edited by Harsharan Singh
260 ## - PUBLICATION, DISTRIBUTION, ETC. (IMPRINT)
Place of publication, distribution, etc New Delhi
Name of publisher, distributor, etc Lenin Media
Date of publication, distribution, etc 2015
270 ## - ADDRESS
Address 202, IInd Floor, 4832/24,Prahlad Street, Ansari Road, Daryaganj, New Delhi-110002
300 ## - PHYSICAL DESCRIPTION
Extent 288p.
Dimensions 22cm. (Hb)
942 ## - ADDED ENTRY ELEMENTS (KOHA)
Source of classification or shelving scheme Dewey Decimal Classification
Item type English Books
Classification part 327.51054
Call number suffix SIN
Holdings
Withdrawn status Lost status Not for loan Collection code Home library Current library Date acquired Source of acquisition Cost, normal purchase price Full call number Barcode Copy number Cost, replacement price Koha item type
      Non-fiction Shahdara Branch Shahdara Branch 05/06/2017 DBAD/PUB 1495.00 327.51054 SIN EN-101633 1 1495.00 English Books

© Delhi Public Library
Hit Counter
free hit counter